Základný kurz technickej diagnostiky točivých elektrických strojov

Enregistré dans:
Détails bibliographiques
Auteur principal: Poliak, Ján (Auteur)
Format: Livre
Langue:slovaque
Publié: Žilina : Knižné centrum, 2003
Sujets:
Tags: Ajouter un tag
Pas de tags, Soyez le premier à ajouter un tag!

MARC

LEADER 00000nam a22000003a 4500
001 stu97574
005 20200914122808.0
008 051116s2003----xo------------------slo-d
020 |a 80-8064-173-0 
040 |a STU  |b slo 
041 0 |a slo 
044 |a xo 
080 |a 621.313 
100 1 |a Poliak, Ján  |4 aut 
245 1 |a Základný kurz technickej diagnostiky točivých elektrických strojov 
260 |a Žilina :  |b Knižné centrum,  |c 2003 
300 |a 65 s 
650 7 |a diagnostika strojov  |2 stusub 
996 |b 284EK85762  |c E*85762  |l EE12  |s P  |a 0  |w stu97574_0001